| 000 | 01686nam0a2200385 4500 | ||
|---|---|---|---|
| 001 | RU\NLR\BIBL_A\022311080 | ||
| 005 | 20260420014039.0 | ||
| 010 |
_a978-5-16-111856-6 _bonline |
||
| 010 |
_a978-5-16-019071-6 _bprint _9500 |
||
| 021 |
_aRU _bКН-П-24-040394 _9КН-П-24-4006 |
||
| 035 | _a(NLR Aleph) 022311080 | ||
| 090 |
_a13664241 _c13664241 |
||
| 100 | _a20240902d2024 k y0rusy50 ca | ||
| 101 | 0 | _arus | |
| 102 | _aRU | ||
| 105 | _aa z 000yy | ||
| 181 | 0 |
_ai3 _baxxe |
|
| 182 | 0 | _an | |
| 200 | 1 |
_aТехнология и свойства фибробетона с наномодифицированной матрицей _eмонография _fС. Н. Леонович, Е. А. Садовская |
|
| 203 |
_aТекст _bвизуальный _cнепосредственный |
||
| 210 |
_aМосква _cИНФРА-М _d2024 |
||
| 215 |
_a193 с. _cил., табл. _d21 |
||
| 225 | 1 |
_aНаучная мысль _iТехника |
|
| 300 | _aНа 4-й с. обл. 1-й авт.: Леонович С. Н., д-р техн. наук, проф. | ||
| 320 | _aБиблиогр.: с. 178-191 (166 назв.) | ||
| 606 | 1 |
_aНанотехнологии _xПрименение в строительном деле _92626333 _3RU\NLR\AUTH\661562893 |
|
| 606 | 1 |
_aФибробетон _91100019 _3RU\NLR\AUTH\66113475 |
|
| 606 | 1 |
_aБетон _xДобавки _91134544 _3RU\NLR\AUTH\66131909 |
|
| 686 | 1 | _aН331.9 | |
| 686 | 1 | _aН535.7 | |
| 700 | 1 |
_aЛеонович _bС. Н. _gСергей Николаевич |
|
| 701 | 1 |
_aСадовская _bЕ. А. _gЕлена Александровна |
|
| 942 | _cBOOK | ||
| 980 | _aNB | ||